000 00297nam a2200121Ia 4500
008 220217s9999||||xx |||||||||||||| ||und||
082 _a823 NAR
100 _aNarayana, R.K
245 0 _aEmerald route
260 _aPenguin books
_bNew Delhi
_c1999
300 _b200
650 _aGENERAL BOOKS
999 _c175257
_d175257